Sports Quiz

Random Sports or NBA Quiz

Nba top playoff scorers since 1980 Quiz Stats

 Plays Quiz not verified by Sporcle

Score 0/200 Timer 19:00
0 Plays Today
year name % Correct
1986Michael Jordan
99%
1990Michael Jordan
99%
1988Michael Jordan
99%
1987Michael Jordan
99%
1993Michael Jordan
99%
1989Michael Jordan
99%
1992Michael Jordan
99%
1998Michael Jordan
99%
1995Michael Jordan
99%
1991Michael Jordan
99%
1997Michael Jordan
99%
1996Michael Jordan
99%
1985Michael Jordan
99%
2009Lebron James
96.3%
2007Kobe Bryant
96.3%
2003Kobe Bryant
96.3%
2006Lebron James
96.3%
2009Kobe Bryant
96.3%
2008Kobe Bryant
96.3%
2001Kobe Bryant
96.3%
2010Kobe Bryant
96.3%
2010Lebron James
96.3%
2008Lebron James
96.3%
2006Kobe Bryant
96.3%
2002Kobe Bryant
96.3%
1990Magic Johnson
94.3%
1984Larry Bird
93.5%
1987Larry Bird
93.5%
1994Kevin Johnson
93.5%
1985Larry Bird
93.5%
1986Larry Bird
93.5%
1995Kevin Johnson
93.5%
2000Shaquille O'Neal
92.8%
1998Shaquille O'Neal
92.8%
2001Shaquille O'Neal
92.8%
2002Shaquille O'Neal
92.8%
2003Shaquille O'Neal
92.8%
1997Shaquille O'Neal
92.8%
1999Shaquille O'Neal
92.8%
1996Shaquille O'Neal
92.8%
1995Shaquille O'Neal
92.8%
2010Dwyane Wade
91%
2009Dwyane Wade
91%
2006Dwyane Wade
91%
2005Dwyane Wade
91%
1989Karl Malone
90.5%
1995Karl Malone
90.5%
1991Karl Malone
90.5%
1988Karl Malone
90.5%
1992Karl Malone
90.5%
2001Karl Malone
90.5%
2000Karl Malone
90.5%
1994Karl Malone
90.5%
1996Karl Malone
90.5%
1998Karl Malone
90.5%
1997Karl Malone
90.5%
1990Karl Malone
90.5%
1981Moses Malone
90.3%
1983Moses Malone
90.3%
1980Moses Malone
90.3%
1988Jeff Malone
90.3%
2002Tim Duncan
90%
2006Tim Duncan
90%
1988Hakeem Olajuwon
87.8%
1995Hakeem Olajuwon
87.8%
1987Hakeem Olajuwon
87.8%
1994Hakeem Olajuwon
87.8%
year name % Correct
2003Paul Pierce
87.8%
1986Hakeem Olajuwon
87.8%
1993Hakeem Olajuwon
87.8%
1989Hakeem Olajuwon
87.8%
2001Allen Iverson
87.6%
2003Allen Iverson
87.6%
2005Allen Iverson
87.6%
2002Allen Iverson
87.6%
1999Allen Iverson
87.6%
2000Allen Iverson
87.6%
2002Dirk Nowitzki
86.3%
2003Kevin Garnett
86.3%
2006Dirk Nowitzki
86.3%
2009Dirk Nowitzki
86.3%
2008Dirk Nowitzki
86.3%
2010Dirk Nowitzki
86.3%
2004Dirk Nowitzki
86.3%
2003Dirk Nowitzki
86.3%
1991David Robinson
86.1%
1995David Robinson
86.1%
2007Lebron James
86.1%
1980Kareem Abduljabbar
85.3%
1983Kareem Abduljabbar
85.3%
1981Kareem Abduljabbar
85.3%
1986Kareem Abduljabbar
85.3%
1994Charles Barkley
84.6%
1989Charles Barkley
84.6%
1993Charles Barkley
84.6%
1995Charles Barkley
84.6%
1996Charles Barkley
84.6%
1986Charles Barkley
84.6%
1991Charles Barkley
84.6%
1986Isiah Thomas
84.3%
1990Patrick Ewing
83.8%
1993Patrick Ewing
83.8%
2005Ray Allen
82.3%
2001Tracy McGrady
81.6%
2003Tracy McGrady
81.6%
2002Tracy McGrady
81.6%
2005Tracy McGrady
81.6%
2008Tracy McGrady
81.6%
2007Tracy McGrady
81.6%
2006Vince Carter
79.1%
2001Vince Carter
79.1%
2005Vince Carter
79.1%
1989Clyde Drexler
78.4%
1992Clyde Drexler
78.4%
2001Reggie Miller
77.4%
1993Reggie Miller
77.4%
1996Reggie Miller
77.4%
1992Reggie Miller
77.4%
1995Reggie Miller
77.4%
1988Kevin McHale
76.4%
1986Kevin McHale
76.4%
2001Ray Allen
73.9%
2010Carmelo Anthony
72.4%
2009Carmelo Anthony
72.4%
2007Carmelo Anthony
72.4%
2009Tony Parker
71.6%
1988Dominique Wilkins
71.4%
1993Dominique Wilkins
71.4%
1986Dominique Wilkins
71.4%
1989Dominique Wilkins
71.4%
1987Domique Wilkins
71.1%
2005Amare Stoudemire
69.9%
2007Amare Stoudemire
69.9%
2000Gary Payton
69.7%
year name % Correct
2010Kevin Durant
68.9%
1983Gus Williams
65.7%
1982Gus Williams
65.7%
1989John Stockton
64.4%
1998Shawn Kemp
63.9%
1995Shawn Kemp
63.9%
1997Anfernee Hardaway
63.7%
1998Tim Hardaway
63.7%
1991Tim Hardaway
63.7%
2002Rasheed Wallace
62.9%
1998Steve Smith
62.9%
1983Walter Davis
61.2%
1989Walter Davis
61.2%
2007Baron Davis
61.2%
1984Walter Davis
61.2%
2006Gilbert Arenas
56.7%
1989Chris Mullin
56%
1994Chris Mullin
56%
1984Bernard King
55.2%
1985Alex English
54%
1984Alex English
54%
1992Reggie Lewis
54%
1986Alex English
54%
1989Alex English
54%
1983Alex English
54%
2007Yao Ming
52.5%
1980George Gervin
51.2%
1982George Gervin
51.2%
1981George Gervin
51.2%
1983George Gervin
51.2%
1996Allan Houston
51.2%
1984Adrian Dantley
51%
1985Adrian Dantley
51%
2007Antawn Jamison
49.8%
2010Derrick Rose
49.5%
1997Glen Rice
48.3%
1987Dale Ellis
44.5%
2006Elton Brand
42.8%
1989Tom Chambers
42%
1988Tom Chambers
42%
2006Michael Redd
40.8%
1985Mark Aguirre
38.1%
2009Brandon Roy
38.1%
1981Mychal Thompson
36.1%
2001Jamal Mashburn
32.1%
2003Jamal Mashburn
32.1%
1986Kiki Vandeweghe
28.6%
1985Terry Cummings
28.6%
1993Derrick Coleman
28.6%
1983Kiki Vandeweghe
28.6%
1992Terry Cummings
28.6%
1988Terry Cummings
28.6%
1984Kiki Vandeweghe
28.6%
1990Terry Cummings
28.6%
1987Kiki Vandeweghe
28.6%
1985Rolando Blackman
26.4%
1985World B. Free
23.9%
1987Chuck Person
18.7%
1991Chuck Person
18.7%
1984Dan Issel
17.2%
1982Dan Issel
17.2%
1984Kelly Tripucka
16.4%
1982Mike Mitchell
8.7%
1986Wes Matthews
1.7%
1981Billy Ray Bates
1.5%
1980Billy Ray Bates
1.5%

You're not logged in!

Compare scores with friends on all Sporcle quizzes.
OR
Log In

Show Comments

Extras

Created Nov 19, 2010ReportNominate
Tags:NBA Quiz, 1980, 200, performance, playoff, point

Top Quizzes Today


Score Distribution

Your Account Isn't Verified!

In order to create a playlist on Sporcle, you need to verify the email address you used during registration. Go to your Sporcle Settings to finish the process.

Report this User

Report this user for behavior that violates our Community Guidelines.

Details: